00824nam a2200169 a 450000100100000000500170001000800410002704000250006824502350009325000120032826000960034030000280043650000250046470000430048995201050053299900170063700004295620201002040528.0130405s2009 dr 000 0 spa d aDO-SdBNPbspacBNPHU00aLey No. 136-03 :bcódigo para el sistema de protección y los derechos fundamentales de niños, niñas y adolescentes, incluye las modificaciones de la ley 52-07 del 23 de abril de 2007 /ccoordinador Lino Vásquez Sámuel. a3a. ed. aSanto Domingo :bComisionado de Apoyo a la Reforma y Modernización de la Justicia,c2009. a189 p. :bil. ;c23 cm. aGaceta oficial 102341 aVásquez Sámuel, Linoecoor.920067 0010718PDaPDbPDcCTd2014-02-13iLF1l0o p42956-10r2020-06-25w2020-06-25yLFPDZNo se presta c42445d42445